| 000 | 00636nam a22001577a 4500 | ||
|---|---|---|---|
| 003 | macl | ||
| 005 | 20200118124700.0 | ||
| 008 | 200118b xxu||||| |||| 00| 0 eng d | ||
| 040 | _cmacl | ||
| 082 | _a920/KAL | ||
| 100 |
_aडॉ ए. पी. जे . अब्दुल कलाम _950043 |
||
| 245 |
_aभारत 2020 और उसके बाद आनेवाले कल की तस्वीर _b( Best seller Beyond 2020 का हिन्दी अनुवाद) |
||
| 260 |
_aदिल्ली _bप्रभात प्रकाशन _c2017 |
||
| 650 |
_aजीवनी _97943 |
||
| 942 |
_2ddc _cHIN |
||
| 999 |
_c61829 _d61829 |
||